[Event "FRA-chT U20 0809"]
[Site "Sautron"]
[Date "2009.01.02"]
[Round "4.8"]
[White "Bole, Lucie"]
[Black "Ariza, Thomas"]
[Result "0-1"]
[WhiteElo "1250"]
[BlackElo "1190"]
[PlyCount "67"]
[EventDate "2008.10.??"]
[EventType "team-tourn"]
[EventRounds "11"]
[EventCountry "FRA"]
[SourceTitle "EXT 2010"]
[Source "ChessBase"]
[SourceDate "2010.11.25"]
[SourceVersion "1"]
[SourceVersionDate "2010.11.25"]
[SourceQuality "1"]

1. e4 e5 2. Nf3 Nc6 3. Bc4 Be7 4. d3 Nf6 5. Nc3 0-0 6. 0-0 d6 7. Be3 Bg4 8. h3 Be6 9. Ng5 Bxc4 10. dxc4 h6 11. Nf3 a6 12. Nd5 b5 13. Nxe7+ Qxe7 14. cxb5 axb5 15. Qd3 Rab8 16. b3 Nb4 17. Qc3 c5 18. a3 Nc6 19. a4 b4 20. Qc4 Na5 21. Qd3 Qd7 22. Rfd1 Rb6 23. Nxe5 Qe6 24. Ng4 Nxe4 25. f3 Nc3 26. Rd2 d5 27. Bxc5 Rb7 28. Bxb4 Qb6+ 29. Bc5 Qxc5+ 30. Nf2 d4 31. Nh1 Re7 32. Ng3 Rd8 33. Nh5 Re3 34. Qf1 0-1